[Event "Irena Warakomska Memorial B"]
[Site "Suwalki"]
[Date "2018.08.02"]
[Round "2"]
[White "Kaminski, Maciej"]
[Black "Kindler, Przemyslaw"]
[Result "1/2-1/2"]
[Board "2"]
[WhiteElo "1919"]
[WhiteCountry "POL"]
[WhiteFideId "1175521"]
[WhiteEloChange "4"]
[BlackElo "2070"]
[BlackCountry "POL"]
[BlackFideId "1159542"]
[BlackEloChange "-4"]

1. e4 {[%clk 1:30:30]} d6 {[%clk 1:30:54]} 2. d4 {[%clk 1:30:49]} Nf6 {[%clk
1:31:19]} 3. Nc3 {[%clk 1:31:14]} Nbd7 {[%clk 1:31:44]} 4. g4 {[%clk 1:30:33]} h6
{[%clk 1:30:17]} 5. h3 {[%clk 1:25:31]} e5 {[%clk 1:30:22]} 6. Nge2 {[%clk
1:25:41]} g6 {[%clk 1:29:55]} 7. Be3 {[%clk 1:23:28]} c6 {[%clk 1:30:20]} 8. Bg2
{[%clk 1:21:45]} h5 {[%clk 1:08:44]} 9. g5 {[%clk 1:19:02]} Nh7 {[%clk 1:05:52]}
10. Qd2 {[%clk 1:16:58]} Be7 {[%clk 1:06:02]} 11. h4 {[%clk 1:16:42]} f6 {[%clk
0:58:53]} 12. f4 {[%clk 1:10:39]} exf4 {[%clk 0:58:57]} 13. Nxf4 {[%clk 1:09:52]}
Ndf8 {[%clk 0:59:22]} 14. gxf6 {[%clk 0:57:48]} Nxf6 {[%clk 0:59:47]} 15. Bf2
{[%clk 0:54:33]} Ng4 {[%clk 0:59:41]} 16. d5 {[%clk 0:41:22]} c5 {[%clk 0:59:15]}
17. O-O-O {[%clk 0:41:17]} g5 {[%clk 0:59:15]} 18. hxg5 {[%clk 0:34:43]} Bxg5
{[%clk 0:56:10]} 19. Rdf1 {[%clk 0:29:57]} Ng6 {[%clk 0:53:16]} 20. Nce2 {[%clk
0:28:19]} Nxf4 {[%clk 0:50:58]} 21. Nxf4 {[%clk 0:28:38]} Rf8 {[%clk 0:50:58]}
22. Bg3 {[%clk 0:23:21]} h4 {[%clk 0:51:12]} 23. Bxh4 {[%clk 0:08:33]} Bxh4
{[%clk 0:51:37]} 24. Ng6 {[%clk 0:08:58]} Rxf1+ {[%clk 0:52:02]} 25. Rxf1 {[%clk
0:09:23]} Bf6 {[%clk 0:52:22]} 26. Kb1 {[%clk 0:08:31]} Qc7 {[%clk 0:51:20]} 27.
Nf4 {[%clk 0:06:38]} Qb6 {[%clk 0:25:41]} 28. c3 {[%clk 0:06:21]} Bd7 {[%clk
0:24:49]} 29. Ne6 {[%clk 0:04:42]} Bxe6 {[%clk 0:24:59]} 30. dxe6 {[%clk
0:05:02]} Be7 {[%clk 0:24:37]} 31. Rf7 {[%clk 0:03:40]} Qc7 {[%clk 0:24:42]} 32.
Qg5 {[%clk 0:02:12]} Bxg5 {[%clk 0:23:39]} 33. Rxc7 {[%clk 0:02:32]} Be7 {[%clk
0:23:54]} 34. e5 {[%clk 0:01:20]} Nxe5 {[%clk 0:23:58]} 35. Bxb7 {[%clk 0:01:45]}
Rb8 {[%clk 0:23:47]} 36. Ba6 {[%clk 0:01:45]} Kf8 {[%clk 0:23:41]} 37. Rxa7
{[%clk 0:01:54]} Nc6 {[%clk 0:24:06]} 38. Rc7 {[%clk 0:01:12]} Rb6 {[%clk
0:24:21]} 39. Bb7 {[%clk 0:01:17]} Ne5 {[%clk 0:24:35]} 40. Bd5 {[%clk 0:00:20]}
Nd3 {[%clk 0:24:40]} 41. b3 Nf4 {[%clk 0:24:40]} 42. c4 Ne2 {[%clk 0:22:31]} 43.
Kc2 Nd4+ {[%clk 0:22:31]} 44. Kc3 Ra6 {[%clk 0:20:28]} 45. Rc8+ Kg7 {[%clk
0:20:53]} 46. Kb2 Rb6 {[%clk 0:20:17]} 47. Kc3 Kf6 {[%clk 0:18:03]} 48. Rh8 Kg6
{[%clk 0:18:02]} 49. Re8 Kf6 {[%clk 0:18:07]} 50. Rh8 Kg7 {[%clk 0:17:20]} 51.
Re8 Kf6 {[%clk 0:07:05]} 52. Rh8 1/2-1/2

[Event "Irena Warakomska Memorial B"]
[Site "Suwalki"]
[Date "2018.08.02"]
[Round "2"]
[White "Reshetniak, Vitaliy"]
[Black "Rudzinska, Michalina"]
[Result "0-1"]
[Board "3"]
[WhiteElo "2085"]
[WhiteCountry "UKR"]
[WhiteFideId "14125250"]
[WhiteEloChange "-9"]
[BlackElo "2111"]
[BlackCountry "POL"]
[BlackFideId "1172883"]
[BlackEloChange "9"]

1. d4 {[%clk 1:30:30]} Nf6 {[%clk 1:30:49]} 2. c4 {[%clk 1:30:49]} e6 {[%clk
1:31:14]} 3. Nc3 {[%clk 1:31:09]} c5 {[%clk 1:31:39]} 4. d5 {[%clk 1:31:29]} exd5
{[%clk 1:32:04]} 5. cxd5 {[%clk 1:31:49]} d6 {[%clk 1:32:29]} 6. Nf3 {[%clk
1:32:08]} g6 {[%clk 1:32:49]} 7. Bf4 {[%clk 1:32:33]} a6 {[%clk 1:32:58]} 8. a4
{[%clk 1:32:53]} Bg7 {[%clk 1:33:13]} 9. h3 {[%clk 1:33:03]} O-O {[%clk 1:33:17]}
10. e3 {[%clk 1:33:28]} Qe7 {[%clk 1:28:21]} 11. Nd2 {[%clk 1:33:37]} Nbd7 {[%clk
1:23:04]} 12. Be2 {[%clk 1:33:57]} Ne8 {[%clk 1:20:56]} 13. O-O {[%clk 1:33:11]}
Ne5 {[%clk 1:19:54]} 14. Re1 {[%clk 1:32:19]} Rb8 {[%clk 1:18:53]} 15. Bh2 {[%clk
1:32:23]} f5 {[%clk 1:13:36]} 16. Ra3 {[%clk 1:09:48]} Nc7 {[%clk 1:03:59]} 17.
a5 {[%clk 1:07:34]} Bd7 {[%clk 0:56:55]} 18. Rb3 {[%clk 1:06:48]} Kh8 {[%clk
0:45:36]} 19. Bc4 {[%clk 0:59:44]} g5 {[%clk 0:36:50]} 20. f4 {[%clk 0:59:43]}
Nf7 {[%clk 0:30:01]} 21. e4 {[%clk 0:58:21]} gxf4 {[%clk 0:28:13]} 22. exf5
{[%clk 0:58:20]} Ne5 {[%clk 0:25:09]} 23. Bxf4 {[%clk 0:57:54]} Rxf5 {[%clk
0:21:18]} 24. Bxe5 {[%clk 0:57:13]} Rxe5 {[%clk 0:14:30]} 25. Nf3 {[%clk
0:57:27]} Rxe1+ {[%clk 0:14:09]} 26. Qxe1 {[%clk 0:57:42]} Qf7 {[%clk 0:09:53]}
27. Qg3 {[%clk 0:57:16]} Rg8 {[%clk 0:09:47]} 28. Qxd6 {[%clk 0:53:14]} Qxf3
{[%clk 0:09:31]} 29. gxf3 {[%clk 0:52:43]} Be5+ {[%clk 0:09:51]} 30. Kf2 {[%clk
0:52:58]} Bxd6 {[%clk 0:10:10]} 31. Ne4 {[%clk 0:53:23]} Be5 {[%clk 0:09:55]} 32.
Rxb7 {[%clk 0:53:02]} Bb5 {[%clk 0:08:32]} 33. b3 {[%clk 0:53:16]} Bxc4 {[%clk
0:02:09]} 34. bxc4 {[%clk 0:53:16]} Rd8 {[%clk 0:01:27]} 35. Ke3 {[%clk 0:53:21]}
Ne8 {[%clk 0:01:06]} 36. Rb6 {[%clk 0:52:24]} Nd6 {[%clk 0:01:06]} 37. Kd3 {[%clk
0:52:44]} Nxe4 {[%clk 0:00:40]} 38. Kxe4 {[%clk 0:53:03]} Re8 {[%clk 0:00:34]}
39. Rxa6 {[%clk 0:53:18]} Bd4+ {[%clk 0:00:43]} 40. Re6 {[%clk 0:53:07]} Ra8
{[%clk 0:00:53]} 41. a6 {[%clk 0:53:27]} Kg7 {[%clk 0:00:26]} 42. f4 {[%clk
0:52:40]} Kf7 43. f5 {[%clk 0:52:44]} h5 44. Kf4 {[%clk 0:51:43]} h4 45. Kg5
{[%clk 0:50:10]} Rg8+ 46. Rg6 {[%clk 0:49:08]} Bf6+ 47. Kf4 {[%clk 0:49:07]} Ra8
48. Rh6 {[%clk 0:49:11]} Rxa6 49. Rh7+ {[%clk 0:49:36]} Bg7 50. Rxh4 {[%clk
0:49:05]} Ra3 51. Ke4 {[%clk 0:44:11]} Rc3 52. Rg4 {[%clk 0:44:31]} Rxc4+ 53. Kd3
{[%clk 0:44:56]} Rxg4 54. hxg4 {[%clk 0:44:56]} Kf6 55. d6 {[%clk 0:42:52]} Ke5
56. d7 {[%clk 0:42:57]} Bf6 57. Kc4 {[%clk 0:43:11]} Kd6 58. Kb5 {[%clk 0:43:26]}
Bd8 59. Kc4 {[%clk 0:42:54]} Kc6 0-1

[Event "Irena Warakomska Memorial B"]
[Site "Suwalki"]
[Date "2018.08.02"]
[Round "2"]
[White "Jankowiak, Piotr"]
[Black "Pazdzior, Michal"]
[Result "1/2-1/2"]
[Board "20"]
[WhiteElo "1902"]
[WhiteCountry "POL"]
[WhiteFideId "1185250"]
[WhiteEloChange "-6"]
[BlackElo "1656"]
[BlackCountry "POL"]
[BlackFideId "1135872"]
[BlackEloChange "6"]

1. d4 {[%clk 1:30:30]} Nf6 {[%clk 1:30:30]} 2. Bf4 {[%clk 1:30:30]} e6 {[%clk
1:30:30]} 3. Nf3 {[%clk 1:30:30]} b6 {[%clk 1:30:30]} 4. c3 {[%clk 1:30:30]} Bb7
{[%clk 1:30:30]} 5. Nbd2 {[%clk 1:30:30]} Be7 {[%clk 1:30:30]} 6. e3 {[%clk
1:30:30]} d5 {[%clk 1:30:30]} 7. Bd3 {[%clk 1:30:30]} Nbd7 {[%clk 1:30:30]} 8.
Ne5 {[%clk 1:30:30]} Nxe5 {[%clk 1:30:30]} 9. dxe5 {[%clk 1:30:30]} Nd7 {[%clk
1:30:30]} 10. Qg4 {[%clk 1:30:30]} g5 {[%clk 1:30:30]} 11. Bxg5 {[%clk 1:30:30]}
Bxg5 {[%clk 1:30:30]} 12. f4 {[%clk 1:30:30]} Bh6 {[%clk 1:30:30]} 13. Nf3 {[%clk
1:30:30]} Qe7 {[%clk 1:30:30]} 14. a4 {[%clk 1:30:30]} Nc5 {[%clk 1:30:30]} 15.
Bxh7 {[%clk 1:30:30]} O-O-O {[%clk 1:30:30]} 16. b4 {[%clk 1:30:30]} Nd7 {[%clk
1:30:30]} 17. Bc2 {[%clk 1:30:30]} Rdg8 {[%clk 1:30:30]} 18. Qh4 {[%clk 1:30:30]}
Qxh4+ {[%clk 1:30:30]} 19. Nxh4 {[%clk 1:30:30]} Bxf4 {[%clk 1:30:30]} 20. exf4
{[%clk 1:30:30]} Rxh4 {[%clk 1:30:30]} 21. O-O {[%clk 1:30:30]} d4 {[%clk
1:30:30]} 22. g3 {[%clk 1:30:30]} dxc3 {[%clk 1:30:30]} 23. Ra3 {[%clk 1:30:30]}
Rh3 {[%clk 1:30:30]} 24. Rxc3 {[%clk 1:30:30]} Bd5 {[%clk 1:30:30]} 25. Bd3
{[%clk 1:30:30]} Kb7 {[%clk 1:30:30]} 26. a5 {[%clk 1:30:30]} Rgh8 {[%clk
1:30:30]} 27. Rc2 {[%clk 1:30:30]} c5 {[%clk 1:30:30]} 28. Bb5 {[%clk 1:30:30]}
Nb8 {[%clk 1:30:30]} 29. bxc5 {[%clk 1:30:30]} Rxg3+ {[%clk 1:30:30]} 30. hxg3
{[%clk 1:30:30]} Rh1+ {[%clk 1:30:30]} 31. Kf2 {[%clk 1:30:30]} Rh2+ {[%clk
1:30:30]} 32. Ke3 {[%clk 1:30:30]} Rxc2 {[%clk 1:30:30]} 33. cxb6 {[%clk
1:30:30]} axb6 {[%clk 1:30:30]} 34. axb6 {[%clk 1:30:30]} Kxb6 {[%clk 1:30:30]}
35. Be8 {[%clk 1:30:30]} Rc7 {[%clk 1:30:30]} 36. g4 {[%clk 1:30:30]} Re7 {[%clk
1:30:30]} 37. Ba4 {[%clk 1:30:30]} Nc6 {[%clk 1:30:30]} 38. g5 {[%clk 1:30:30]}
Ra7 {[%clk 1:30:30]} 39. Bxc6 {[%clk 1:30:30]} Kxc6 {[%clk 1:30:30]} 40. f5
{[%clk 1:30:30]} Ra3+ {[%clk 1:30:30]} 41. Kf4 {[%clk 1:30:30]} Ra4+ {[%clk
1:30:30]} 42. Kg3 {[%clk 1:30:30]} Re4 {[%clk 1:30:30]} 43. g6 {[%clk 1:30:30]}
fxg6 {[%clk 1:30:30]} 44. f6 {[%clk 1:30:30]} Rxe5 {[%clk 1:30:30]} 45. f7 {[%clk
1:30:30]} Rg5+ {[%clk 1:30:30]} 46. Kh4 {[%clk 1:30:30]} Rh5+ {[%clk 1:30:30]}
47. Kg4 {[%clk 1:30:30]} Rh8 {[%clk 1:30:30]} 48. f8Q {[%clk 1:30:30]} Rxf8
{[%clk 1:30:30]} 49. Rxf8 {[%clk 1:30:30]} Be4 {[%clk 1:30:30]} 50. Kf4 {[%clk
1:30:30]} Bf5 {[%clk 1:30:30]} 51. Ke5 {[%clk 1:30:30]} 1/2-1/2

[Event "Irena Warakomska Memorial B"]
[Site "Suwalki"]
[Date "2018.08.02"]
[Round "2"]
[White "Barchuk, Irina"]
[Black "Sapinski, Sebastian"]
[Result "1-0"]
[Board "21"]
[WhiteElo "2039"]
[WhiteCountry "UKR"]
[WhiteFideId "14119005"]
[WhiteEloChange "2"]
[BlackElo "1496"]
[BlackCountry "POL"]
[BlackFideId "21817340"]
[BlackEloChange "-2"]

1. e4 {[%clk 1:30:30]} e6 {[%clk 1:30:30]} 2. d4 {[%clk 1:30:30]} d5 {[%clk
1:30:30]} 3. Nc3 {[%clk 1:30:30]} Nf6 {[%clk 1:30:30]} 4. e5 {[%clk 1:30:30]}
Nfd7 {[%clk 1:30:30]} 5. f4 {[%clk 1:30:30]} c5 {[%clk 1:30:30]} 6. Nf3 {[%clk
1:30:30]} Nc6 {[%clk 1:30:30]} 7. Be3 {[%clk 1:30:30]} a6 {[%clk 1:30:30]} 8. Qd2
{[%clk 1:30:30]} b5 {[%clk 1:30:30]} 9. Nd1 {[%clk 1:30:30]} b4 {[%clk 1:30:30]}
10. Be2 {[%clk 1:30:30]} Qb6 {[%clk 1:30:30]} 11. O-O {[%clk 1:30:30]} cxd4
{[%clk 1:30:30]} 12. Nxd4 {[%clk 1:30:30]} Nxd4 {[%clk 1:30:30]} 13. Bxd4 {[%clk
1:30:30]} Qxd4+ {[%clk 1:30:30]} 14. Qxd4 {[%clk 1:30:30]} Bc5 {[%clk 1:30:30]}
15. Qf2 {[%clk 1:30:30]} Bxf2+ {[%clk 1:30:30]} 16. Nxf2 {[%clk 1:30:30]} Bb7
{[%clk 1:30:30]} 17. Nd3 {[%clk 1:30:30]} a5 {[%clk 1:30:30]} 18. a3 {[%clk
1:30:30]} Rc8 {[%clk 1:30:30]} 19. Rfc1 {[%clk 1:30:30]} Nc5 {[%clk 1:30:30]} 20.
axb4 {[%clk 1:30:30]} Nxd3 {[%clk 1:30:30]} 21. Bxd3 {[%clk 1:30:30]} axb4 {[%clk
1:30:30]} 22. Ra4 {[%clk 1:30:30]} b3 {[%clk 1:30:30]} 23. Rb4 {[%clk 1:30:30]}
Bc6 {[%clk 1:30:30]} 24. Rxb3 {[%clk 1:30:30]} Ke7 {[%clk 1:30:30]} 25. Ra1
{[%clk 1:30:30]} Rc7 {[%clk 1:30:30]} 26. Rc3 {[%clk 1:30:30]} Rb8 {[%clk
1:30:30]} 27. Ra6 {[%clk 1:30:30]} Kd7 {[%clk 1:30:30]} 28. b3 {[%clk 1:30:30]}
h6 {[%clk 1:30:30]} 29. Kf2 {[%clk 1:30:30]} Rb4 {[%clk 1:30:30]} 30. g3 {[%clk
1:30:30]} h5 {[%clk 1:30:30]} 31. Rc5 {[%clk 1:30:30]} h4 {[%clk 1:30:30]} 32.
Ke2 {[%clk 1:30:30]} hxg3 {[%clk 1:30:30]} 33. hxg3 {[%clk 1:30:30]} Rb8 {[%clk
1:30:30]} 34. Kd2 {[%clk 1:30:30]} Rh8 {[%clk 1:30:30]} 35. Raxc6 {[%clk
1:30:30]} Rxc6 {[%clk 1:30:30]} 36. Bb5 {[%clk 1:30:30]} Rc8 {[%clk 1:30:30]} 37.
Kc3 {[%clk 1:30:30]} Rc7 {[%clk 1:30:30]} 38. Kb4 {[%clk 1:30:30]} Rc8 {[%clk
1:30:30]} 39. Rxc6 {[%clk 1:30:30]} Rxc6 {[%clk 1:30:30]} 40. Ka5 {[%clk
1:30:30]} f6 {[%clk 1:30:30]} 41. b4 {[%clk 1:30:30]} fxe5 {[%clk 1:30:30]} 42.
fxe5 {[%clk 1:30:30]} d4 {[%clk 1:30:30]} 43. Bxc6+ {[%clk 1:30:30]} Kxc6 {[%clk
1:30:30]} 44. b5+ {[%clk 1:30:30]} Kb7 {[%clk 1:30:30]} 45. Kb4 {[%clk 1:30:30]}
Kb6 {[%clk 1:30:30]} 46. Kc4 {[%clk 1:30:30]} g6 {[%clk 1:30:30]} 47. g4 {[%clk
1:30:30]} g5 {[%clk 1:30:30]} 48. Kb4 {[%clk 1:30:30]} Kb7 {[%clk 1:30:30]} 49.
Kc5 {[%clk 1:30:30]} Kc7 {[%clk 1:30:30]} 50. Kxd4 {[%clk 1:30:30]} 1-0

[Event "Irena Warakomska Memorial B"]
[Site "Suwalki"]
[Date "2018.08.02"]
[Round "2"]
[White "Warchol, Kamil"]
[Black "Szalko, Maciej"]
[Result "0-1"]
[Board "30"]
[WhiteElo "1540"]
[WhiteTitle "CM"]
[WhiteCountry "POL"]
[WhiteFideId "21858241"]
[WhiteEloChange "-3"]
[BlackElo "1857"]
[BlackCountry "POL"]
[BlackFideId "1145614"]
[BlackEloChange "3"]

1. e4 {[%clk 1:30:30]} Nf6 {[%clk 1:30:30]} 2. e5 {[%clk 1:30:30]} Nd5 {[%clk
1:30:30]} 3. c4 {[%clk 1:30:30]} Nb6 {[%clk 1:30:30]} 4. d4 {[%clk 1:30:30]} d6
{[%clk 1:30:30]} 5. exd6 {[%clk 1:30:30]} cxd6 {[%clk 1:30:30]} 6. Nc3 {[%clk
1:30:30]} g6 {[%clk 1:30:30]} 7. Nf3 {[%clk 1:30:30]} Bg7 {[%clk 1:30:30]} 8. h3
{[%clk 1:30:30]} O-O {[%clk 1:30:30]} 9. b3 {[%clk 1:30:30]} e5 {[%clk 1:30:30]}
10. Be3 {[%clk 1:30:30]} f5 {[%clk 1:30:30]} 11. dxe5 {[%clk 1:30:30]} dxe5
{[%clk 1:30:30]} 12. Bg5 {[%clk 1:30:30]} Qe8 {[%clk 1:30:30]} 13. Nb5 {[%clk
1:30:30]} Na6 {[%clk 1:30:30]} 14. Nd6 {[%clk 1:30:30]} Qe6 {[%clk 1:30:30]} 15.
Be3 {[%clk 1:30:30]} e4 {[%clk 1:30:30]} 16. Nh2 {[%clk 1:30:30]} Bxa1 {[%clk
1:30:30]} 17. Qxa1 {[%clk 1:30:30]} Qxd6 {[%clk 1:30:30]} 18. Bh6 {[%clk
1:30:30]} Qf6 {[%clk 1:30:30]} 19. Qc1 {[%clk 1:30:30]} Re8 {[%clk 1:30:30]} 20.
c5 {[%clk 1:30:30]} Nd5 {[%clk 1:30:30]} 21. Bc4 {[%clk 1:30:30]} Be6 {[%clk
1:30:30]} 22. c6 {[%clk 1:30:30]} Nab4 {[%clk 1:30:30]} 23. cxb7 {[%clk 1:30:30]}
Rab8 {[%clk 1:30:30]} 24. O-O {[%clk 1:30:30]} Rxb7 {[%clk 1:30:30]} 25. Qd2
{[%clk 1:30:30]} Qc3 {[%clk 1:30:30]} 26. Bxd5 {[%clk 1:30:30]} Nxd5 {[%clk
1:30:30]} 27. Qe2 {[%clk 1:30:30]} Nb4 {[%clk 1:30:30]} 28. Rc1 {[%clk 1:30:30]}
Qe5 {[%clk 1:30:30]} 29. Nf3 {[%clk 1:30:30]} Qb5 {[%clk 1:30:30]} 30. Qxb5
{[%clk 1:30:30]} Rxb5 {[%clk 1:30:30]} 31. Nd4 {[%clk 1:30:30]} Rbb8 {[%clk
1:30:30]} 32. Rc7 {[%clk 1:30:30]} a5 {[%clk 1:30:30]} 33. Rg7+ {[%clk 1:30:30]}
Kh8 {[%clk 1:30:30]} 34. Ra7 {[%clk 1:30:30]} Nxa2 {[%clk 1:30:30]} 35. Rxa5
{[%clk 1:30:30]} Nb4 {[%clk 1:30:30]} 36. Ra7 {[%clk 1:30:30]} Rbd8 {[%clk
1:30:30]} 37. Bg5 {[%clk 1:30:30]} Rd7 {[%clk 1:30:30]} 38. Bf6+ {[%clk 1:30:30]}
Kg8 {[%clk 1:30:30]} 39. Ra4 {[%clk 1:30:30]} Nd5 {[%clk 1:30:30]} 40. Bg5 {[%clk
1:30:30]} Nc3 {[%clk 1:30:30]} 41. Ra6 {[%clk 1:30:30]} Rxd4 {[%clk 1:30:30]} 42.
Bf6 {[%clk 1:30:30]} Rd1+ {[%clk 1:30:30]} 43. Kh2 {[%clk 1:30:30]} Nd5 {[%clk
1:30:30]} 44. Be5 {[%clk 1:30:30]} f4 {[%clk 1:30:30]} 45. Ra4 {[%clk 1:30:30]}
e3 {[%clk 1:30:30]} 46. fxe3 {[%clk 1:30:30]} fxe3 {[%clk 1:30:30]} 47. Bg3
{[%clk 1:30:30]} e2 {[%clk 1:30:30]} 48. Re4 {[%clk 1:30:30]} Bf7 {[%clk
1:30:30]} 49. Rxe8+ {[%clk 1:30:30]} Bxe8 {[%clk 1:30:30]} 50. Bf2 {[%clk
1:30:30]} Nf6 {[%clk 1:30:30]} 51. b4 {[%clk 1:30:30]} Ne4 {[%clk 1:30:30]} 52.
Bh4 {[%clk 1:30:30]} g5 {[%clk 1:30:30]} 53. Bxg5 {[%clk 1:30:30]} e1Q {[%clk
1:30:30]} 54. Bd2 {[%clk 1:30:30]} Qg1# {[%clk 1:30:30]} 0-1

[Event "Irena Warakomska Memorial B"]
[Site "Suwalki"]
[Date "2018.08.03"]
[Round "4"]
[White "Barchuk, Irina"]
[Black "Kwiecinski, Rafal"]
[Result "1-0"]
[Board "11"]
[WhiteElo "2039"]
[WhiteCountry "UKR"]
[WhiteFideId "14119005"]
[WhiteEloChange "2"]
[BlackElo "1459"]
[BlackCountry "POL"]
[BlackFideId "21008868"]
[BlackEloChange "-2"]

1. e4 {[%clk 1:30:30]} c5 {[%clk 1:30:30]} 2. Nf3 {[%clk 1:30:30]} Nc6 {[%clk
1:30:30]} 3. d4 {[%clk 1:30:30]} cxd4 {[%clk 1:30:30]} 4. Nxd4 {[%clk 1:30:30]}
Nf6 {[%clk 1:30:30]} 5. Nc3 {[%clk 1:30:30]} a6 {[%clk 1:30:30]} 6. Bg5 {[%clk
1:30:30]} Qa5 {[%clk 1:30:30]} 7. Bxf6 {[%clk 1:30:30]} exf6 {[%clk 1:30:30]} 8.
Nb3 {[%clk 1:30:30]} Qe5 {[%clk 1:30:30]} 9. a3 {[%clk 1:30:30]} b5 {[%clk
1:30:30]} 10. Bd3 {[%clk 1:30:30]} g5 {[%clk 1:30:30]} 11. Nd5 {[%clk 1:30:30]}
Rb8 {[%clk 1:30:30]} 12. c3 {[%clk 1:30:30]} Ne7 {[%clk 1:30:30]} 13. O-O {[%clk
1:30:30]} Ng6 {[%clk 1:30:30]} 14. Nd4 {[%clk 1:30:30]} Bb7 {[%clk 1:30:30]} 15.
Qf3 {[%clk 1:30:30]} Bg7 {[%clk 1:30:30]} 16. Nf5 {[%clk 1:30:30]} Kf8 {[%clk
1:30:30]} 17. Nfe3 {[%clk 1:30:30]} h5 {[%clk 1:30:30]} 18. a4 {[%clk 1:30:30]}
Bc6 {[%clk 1:30:30]} 19. axb5 {[%clk 1:30:30]} axb5 {[%clk 1:30:30]} 20. c4
{[%clk 1:30:30]} b4 {[%clk 1:30:30]} 21. c5 {[%clk 1:30:30]} Rh6 {[%clk 1:30:30]}
22. b3 {[%clk 1:30:30]} Nf4 {[%clk 1:30:30]} 23. Nxf4 {[%clk 1:30:30]} gxf4
{[%clk 1:30:30]} 24. Nd5 {[%clk 1:30:30]} f5 {[%clk 1:30:30]} 25. Rad1 {[%clk
1:30:30]} fxe4 {[%clk 1:30:30]} 26. Bxe4 {[%clk 1:30:30]} Re8 {[%clk 1:30:30]}
27. Bb1 {[%clk 1:30:30]} Rf6 {[%clk 1:30:30]} 28. Nxf6 {[%clk 1:30:30]} Bxf6
{[%clk 1:30:30]} 29. Qd3 {[%clk 1:30:30]} Qg5 {[%clk 1:30:30]} 30. g3 {[%clk
1:30:30]} Re5 {[%clk 1:30:30]} 31. h4 {[%clk 1:30:30]} Qg4 {[%clk 1:30:30]} 32.
Kh2 {[%clk 1:30:30]} Re6 {[%clk 1:30:30]} 33. Rde1 {[%clk 1:30:30]} Bxh4 {[%clk
1:30:30]} 34. Rxe6 {[%clk 1:30:30]} fxe6 {[%clk 1:30:30]} 35. Qd6+ {[%clk
1:30:30]} Ke8 {[%clk 1:30:30]} 36. Qxf4 {[%clk 1:30:30]} Qxf4 {[%clk 1:30:30]}
37. gxf4 {[%clk 1:30:30]} Kf7 {[%clk 1:30:30]} 38. f3 {[%clk 1:30:30]} Be7 {[%clk
1:30:30]} 39. Be4 {[%clk 1:30:30]} Bb5 {[%clk 1:30:30]} 40. Rc1 {[%clk 1:30:30]}
Bf6 {[%clk 1:30:30]} 41. f5 {[%clk 1:30:30]} exf5 {[%clk 1:30:30]} 42. Bxf5
{[%clk 1:30:30]} Be5+ {[%clk 1:30:30]} 43. Kh3 {[%clk 1:30:30]} Kf6 {[%clk
1:30:30]} 44. Be4 {[%clk 1:30:30]} Bf4 {[%clk 1:30:30]} 45. Rd1 {[%clk 1:30:30]}
Kg5 {[%clk 1:30:30]} 46. Rd5+ {[%clk 1:30:30]} Kh6 {[%clk 1:30:30]} 47. Rd4
{[%clk 1:30:30]} Bf1+ {[%clk 1:30:30]} 48. Kh4 {[%clk 1:30:30]} Bg5+ {[%clk
1:30:30]} 49. Kg3 {[%clk 1:30:30]} h4+ {[%clk 1:30:30]} 50. Kf2 {[%clk 1:30:30]}
Bh3 {[%clk 1:30:30]} 51. Rxb4 {[%clk 1:30:30]} Be7 {[%clk 1:30:30]} 52. Rc4
{[%clk 1:30:30]} Be6 {[%clk 1:30:30]} 53. Rc3 {[%clk 1:30:30]} Bf6 {[%clk
1:30:30]} 54. Rd3 {[%clk 1:30:30]} Be5 {[%clk 1:30:30]} 55. b4 {[%clk 1:30:30]}
h3 {[%clk 1:30:30]} 56. Rd1 {[%clk 1:30:30]} Kh5 {[%clk 1:30:30]} 57. b5 {[%clk
1:30:30]} Kh4 {[%clk 1:30:30]} 58. b6 {[%clk 1:30:30]} h2 {[%clk 1:30:30]} 59.
Kg2 {[%clk 1:30:30]} Bh3+ {[%clk 1:30:30]} 60. Kh1 {[%clk 1:30:30]} Bf4 {[%clk
1:30:30]} 61. Ra1 {[%clk 1:30:30]} Be6 {[%clk 1:30:30]} 62. b7 {[%clk 1:30:30]}
Kg3 {[%clk 1:30:30]} 63. Ra8 {[%clk 1:30:30]} Bh3 {[%clk 1:30:30]} 64. Rg8+
{[%clk 1:30:30]} Kf2 {[%clk 1:30:30]} 65. b8Q {[%clk 1:30:30]} Bxb8 {[%clk
1:30:30]} 66. Rxb8 {[%clk 1:30:30]} Kg3 {[%clk 1:30:30]} 67. Rg8+ {[%clk
1:30:30]} Kf4 {[%clk 1:30:30]} 68. Kxh2 {[%clk 1:30:30]} 1-0